Les 15 joueurs qui ont remporté le plus de trophées. - Statistiques

Statistiques générales
  • Ce quiz a été pris 201 fois
  • Le résultat moyen est 8 sur 15
Statistiques - réponses
Nombre
de trophées
Joueurs Trophées % Correct
41 Lionel Messi 1 coupe du monde4 ligue des champions 1 copa America 10 Liga 2 Ligue 1 7 coupe d'Espagne 3 coupe du monde des clubs 3 supercoupe d'Europe 8 supercoupe d'Espagne 1 supercoupe de France 1 finalissima
99%
33 Cristiano Ronaldo 5 ligue des champions1 euro 2 Liga 3 premier league 2 serie a 2 coupe d'Espagne 1 coupe d'Angleterre 1 coupe d'Italie 2 coupe de la ligue anglaise 4 coupe de monde des clubs 3 supercoupe d'Europe 2 supercoupe d'Espagne 2 supercoupe d'Italie 2 supercoupe d'Angleterre 1 ligue des nations
97%
40 Dani Alves 3 ligue des champions2 copa America 2 ligue Europa 6 Liga 1 serie a 2 ligue 1 5 coupe d'Espagne 1 coupe de France 1 coupe d'Italie 1 coupe de la ligue Française 3 coupe du monde des clubs 4 supercoupe d'Europe 5 supercoupe d'Espagne 2 supercoupe de France 2 coupe des confederations
79%
35 Andres Iniesta 1 coupe du monde4 ligue des champions 2 euro 9 Liga 6 coupe d'Espagne 3 coupe du monde des clubs 3 supercoupe d'Europe 7 supercoupe d'Espagne
77%
30 Xavi 1 coupe du monde4 ligue des champions 2 euro 8 Liga 3 coupe d'Espagne 2 coupe du monde des clubs 2 supercoupe d'Europe 8 supercoupe d'Espagne
72%
35 Karim Benzema 5 ligue des champions4 Liga 4 ligue 1 3 coupe d'Espagne 1 coupe de France 5 coupe du monde des clubs 4 supercoupe d'Europe 4 supercoupe de France 4 supercoupe d'Espagne 1 ligue des nations
68%
33 Thomas Muller 1 coupe du monde2 ligue des champions 12 bundesliga 6 coupe d'Allemagne 2 coupe du monde des clubs 2 supercoupe d'Europe 8 supercoupe d'Allemagne
64%
36 Gerard Pique 1 coupe du monde4 ligue des champions 1 euro 9 Liga 1 premier league 7 coupe d'Espagne 1 coupe de la ligue anglaise 3 coupe du monde des clubs 3 supercoupe d'Europe 6 supercoupe d'Espagne
54%
36 Sergio Busquets 1 coupe du monde3 ligue des champions 1 euro 9 Liga 7 coupe d'Espagne 3 coupe du monde des clubs 3 supercoupe d'Europe 9 supercoupe d'Espagne
51%
31 Manuel Neuer 1 coupe du monde2 ligue des champions 11 bundesliga 6 coupe d'Allemagne 2 coupe du monde des clubs 2 supercoupe d'Europe 7 supercoupe d'Allemagne
49%
32 Thiago Silva 1 ligue des champions1 copa America 7 ligue 1 1 serie a 5 coupe de France 6 coupe de la ligue Française 1 coupe du monde des clubs 1 supercoupe d'Europe 7 supercoupe de France 1 supercoupe d'Italie 1 coupe des confederations
25%
31 Marco Verratti 1 euro9 ligue 1 6 coupe de France 6 coupe de la ligue Française 9 supercoupe de France
24%
33 David Alaba 3 ligue des champions10 bundesliga 1 Liga 6 coupe d'Allemagne 1 coupe d'Espagne 3 coupe du monde des clubs 3 supercoupe d'Europe 5 supercoupe d'Allemagne 1 supercoupe d'Espagne
18%
30 Maxwell 1 ligue des champions4 ligue 1 3 serie a 2 Liga 3 coupe de France 2 coupe d'Espagne 3 coupe de la ligue Française 2 coupe du monde des clubs 2 supercoupe d'Europe 4 supercoupe de France 3 supecoupe d'Espagne 1 supercoupe d'Italie
15%
31 Thiago 2 ligue des champions7 bundesliga 4 Liga 4 coupe d'Allemagne 1 coupe d'Angleterre 2 coupe d'Espagne 1 coupe de la ligue anglaise 2 coupe du monde des clubs 2 supercoupe d'Europe 3 supercoupe d'Allemagne 2 supercoupe d'Espagne 1 supercoupe d'Angleterre
14%
Aucun quiz correspondant
Distribution des résultats
% des personnes avec chaque résultat
Percentile par nombre de réponses
Votre historique - résultats
Vous n’avez pas pris ce quiz